Neuroscience for organizational change: (Record no. 364169)
[ view plain ]
| 000 -LEADER | |
|---|---|
| fixed length control field | 00507nam a2200133Ia 4500 |
| 008 - FIXED-LENGTH DATA ELEMENTS--GENERAL INFORMATION | |
| fixed length control field | 200910s9999 xx 000 0 und d |
| 020 ## - INTERNATIONAL STANDARD BOOK NUMBER | |
| International Standard Book Number | 978-074-94-9318-9 |
| 100 ## - MAIN ENTRY--PERSONAL NAME | |
| Personal name | Scarlett, Hilary |
| 245 ## - TITLE STATEMENT | |
| Statement of responsibility, etc | Hilary Scarlett |
| Title | Neuroscience for organizational change: |
| Remainder of title | an evidence-based practical guide to managing change/ |
| 260 ## - PUBLICATION, DISTRIBUTION, ETC. (IMPRINT) | |
| Place of publication, distribution, etc | Quezon City: |
| Name of publisher, distributor, etc | C and E Publishing, Inc. |
| Date of publication, distribution, etc | 2019 |
| 300 ## - PHYSICAL DESCRIPTION | |
| Extent | xii, 270 pages |
| Dimensions | 23 cm. |
| 650 ## - SUBJECT ADDED ENTRY--TOPICAL TERM | |
| Topical term or geographic name as entry element | Organizational behavior |
| 650 ## - SUBJECT ADDED ENTRY--TOPICAL TERM | |
| Topical term or geographic name as entry element | Organizational change -- Psychological aspect |
| Withdrawn status | Lost status | Damaged status | Home library | Current library | Shelving location | Date acquired | Source of acquisition | Total Checkouts | Full call number | Barcode | Date last seen | Price effective from | Koha item type |
|---|---|---|---|---|---|---|---|---|---|---|---|---|---|
| College Library | College Library | Reserve Section | 09/10/2020 | HD 58.8 .Sca286 2019 | C22348 | 09/10/2020 | 09/10/2020 | Books |